| 000 | 00658nam a2200169 i 4500 | ||
|---|---|---|---|
| 001 | 48251 | ||
| 003 | ES-MaACL | ||
| 005 | 20230906161723.0 | ||
| 007 | t| | ||
| 008 | 030724s1880 fr ||||1| fre d | ||
| 100 | 1 |
_aChoffat, Paul. _938589 |
|
| 245 | 1 | 2 |
_aL'homme tertiaire en Portugal / _cpar Paul Choffat. |
| 260 |
_aGenève : _b[s.n.], _c1880. |
||
| 300 |
_ap. [537]-548, 1 h. pleg. ; _c23 cm. |
||
| 500 | _aPrecede al texto: Extrait des Archives des Sciences Physiques et naturelles, Décembre 1880, troisième périodo, tome IV, p. 537. | ||
| 852 |
_aES-MaACL _jB-7964(6) _q. - Encuadernado con otras obras _z.- Legado de Federico de Botella y de Hornos |
||
| 999 |
_c48251 _d48251 |
||